Energoeffektivnosť i opredelenije potenciala energosbereženija v neftepererabotke

Saved in:
Bibliographic Details
Main Authors: Gnedoj, N.V (Author), Maljarenko, E.E (Author)
Format: Book
Language:Russian
Published: Kijev : Naukova dumka, 2008
Subjects:
Tags: Add Tag
No Tags, Be the first to tag this record!

MARC

LEADER 00000nam a22000003a 4500
001 stu179454
005 20150617230046.5
008 090206s2008----un------------------rus-d
020 |a 978-966-00-0713-0 
040 |a STU  |b slo 
041 0 |a rus 
044 |a un 
080 |a 665.65 
100 1 |a Gnedoj, N.V.  |4 aut 
245 1 |a Energoeffektivnosť i opredelenije potenciala energosbereženija v neftepererabotke 
260 |a Kijev :  |b Naukova dumka,  |c 2008 
300 |a 181 s 
650 7 |a spracovanie ropy  |2 stusub 
650 7 |a energetika  |2 stusub 
700 1 |a Maljarenko, E.E.  |4 aut 
996 |b 284EK87897  |c E*87897  |l EE06  |s P  |a 0  |w stu179454_0001